[Event "Praha"]
[Site "?"]
[Date "2023.01.11"]
[Round "7.1"]
[White "Chen, Qi b"]
[Black "Baumegger, Siegfried"]
[Result "1/2-1/2"]
[BlackElo "2439"]
[WhiteElo "2484"]
[LiveChessVersion "1.4.8"]

1. e4 {[%clk 1:30:57]} c5 {[%clk 1:30:43]} 2. Nf3 {[%clk 1:31:18]} g6
{[%clk 1:30:37]} 3. d4 {[%clk 1:30:39]} cxd4 {[%clk 1:31:01]} 4. Nxd4
{[%clk 1:31:06]} Nc6 {[%clk 1:31:17]} 5. c4 {[%clk 1:31:00]} Nf6 {[%clk 1:31:19]}
6. Nc3 {[%clk 1:31:20]} d6 {[%clk 1:31:31]} 7. Be2 {[%clk 1:31:29]} Nxd4
{[%clk 1:31:48]} 8. Qxd4 {[%clk 1:31:53]} Bg7 {[%clk 1:32:11]} 9. O-O
{[%clk 1:32:11]} O-O {[%clk 1:32:30]} 10. Qd3 {[%clk 1:32:17]} Bd7
{[%clk 1:25:49]} 11. Be3 {[%clk 1:28:58]} a5 {[%clk 1:21:47]} 12. b3
{[%clk 1:25:46]} Bc6 {[%clk 1:21:02]} 13. Rac1 {[%clk 1:22:44]} Nd7
{[%clk 1:20:35]} 14. f3 {[%clk 1:22:43]} Nc5 {[%clk 1:19:37]} 15. Qd2
{[%clk 1:22:48]} Qb6 {[%clk 1:13:33]} 16. Nb5 {[%clk 1:21:55]} Rfc8
{[%clk 1:09:00]} 17. Rfd1 {[%clk 1:21:24]} Qd8 {[%clk 1:06:10]} 18. Bf1
{[%clk 1:21:08]} Qf8 {[%clk 0:58:20]} 19. Nc3 {[%clk 1:11:37]} h5
{[%clk 0:49:24]} 20. Rc2 {[%clk 0:58:06]} Kh7 {[%clk 0:47:48]} 21. g3
{[%clk 0:53:21]} Bh6 {[%clk 0:45:46]} 22. Bg2 {[%clk 0:52:27]} Bxe3+
{[%clk 0:44:51]} 23. Qxe3 {[%clk 0:52:54]} e5 {[%clk 0:37:32]} 24. Bh3
{[%clk 0:50:03]} Rd8 {[%clk 0:37:27]} 25. Rcd2 {[%clk 0:49:32]} Qe7
{[%clk 0:36:15]} 26. Kg2 {[%clk 0:48:05]} Kg7 {[%clk 0:28:06]} 27. Nb5
{[%clk 0:31:00]} Bxb5 {[%clk 0:27:35]} 28. cxb5 {[%clk 0:31:27]} a4
{[%clk 0:16:15]} 29. b4 {[%clk 0:25:31]} Ne6 {[%clk 0:16:35]} 30. Bxe6
{[%clk 0:25:33]} Qxe6 {[%clk 0:17:00]} 31. Rd5 {[%clk 0:23:11]} Rac8
{[%clk 0:15:05]} 32. R1d2 {[%clk 0:22:14]} Rc1 {[%clk 0:11:36]} 33. Qd3
{[%clk 0:15:39]} Qc8 {[%clk 0:09:06]} 34. Rxd6 {[%clk 0:06:33]} Rxd6
{[%clk 0:09:27]} 35. Qxd6 {[%clk 0:07:00]} Qc3 {[%clk 0:09:21]} 36. Kh3
{[%clk 0:05:31]} 1/2-1/2

[Event "Praha"]
[Site "?"]
[Date "2023.01.11"]
[Round "7.2"]
[White "Neuman, Petr"]
[Black "Tobak, Mikhail"]
[Result "1/2-1/2"]
[BlackElo "2297"]
[WhiteElo "2393"]
[LiveChessVersion "1.4.8"]

1. d4 {[%clk 1:30:57]} Nf6 {[%clk 1:28:03]} 2. c4 {[%clk 1:30:52]} e6
{[%clk 1:28:07]} 3. g3 {[%clk 1:31:08]} c5 {[%clk 1:27:40]} 4. d5
{[%clk 1:31:28]} exd5 {[%clk 1:27:17]} 5. cxd5 {[%clk 1:31:52]} b5
{[%clk 1:25:49]} 6. e4 {[%clk 1:22:37]} Nxe4 {[%clk 1:18:42]} 7. Bg2
{[%clk 1:22:12]} Nd6 {[%clk 1:14:34]} 8. Nf3 {[%clk 1:22:10]} Be7
{[%clk 1:13:19]} 9. O-O {[%clk 1:22:06]} O-O {[%clk 1:13:32]} 10. Bf4
{[%clk 1:20:37]} Bb7 {[%clk 1:10:49]} 11. Re1 {[%clk 1:09:53]} Nc4
{[%clk 1:07:01]} 12. Nc3 {[%clk 1:05:51]} a6 {[%clk 1:01:19]} 13. b3
{[%clk 0:38:49]} Nb6 {[%clk 1:00:00]} 14. Ne5 {[%clk 0:39:15]} Bg5
{[%clk 0:53:43]} 15. Bxg5 {[%clk 0:36:21]} Qxg5 {[%clk 0:54:01]} 16. Ne4
{[%clk 0:36:07]} Qxe5 {[%clk 0:53:50]} 17. Nxc5 {[%clk 0:36:34]} Qc7
{[%clk 0:25:49]} 18. Rc1 {[%clk 0:36:45]} Qc8 {[%clk 0:25:24]} 19. Qd4
{[%clk 0:35:04]} Bxd5 {[%clk 0:22:10]} 20. Bxd5 {[%clk 0:30:08]} Nxd5
{[%clk 0:20:21]} 21. Qxd5 {[%clk 0:30:36]} Ra7 {[%clk 0:20:31]} 22. Rcd1
{[%clk 0:27:31]} Rc7 {[%clk 0:17:20]} 23. b4 {[%clk 0:27:16]} h6 {[%clk 0:11:25]}
24. Re4 {[%clk 0:26:15]} a5 {[%clk 0:10:56]} 25. a3 {[%clk 0:24:55]} axb4
{[%clk 0:11:22]} 26. axb4 {[%clk 0:25:22]} Rc6 {[%clk 0:11:12]} 27. Rde1
{[%clk 0:22:42]} d6 {[%clk 0:10:09]} 28. Nd3 {[%clk 0:21:44]} Nd7
{[%clk 0:08:44]} 29. Qxb5 {[%clk 0:21:01]} Rc2 {[%clk 0:07:47]} 30. Rd4
{[%clk 0:18:49]} Rc6 {[%clk 0:07:08]} 31. Qd5 {[%clk 0:12:49]} Nf6
{[%clk 0:06:51]} 32. Qf3 {[%clk 0:13:07]} Rd8 {[%clk 0:05:45]} 33. Rd1
{[%clk 0:13:18]} Rc3 {[%clk 0:05:43]} 34. Qf4 {[%clk 0:12:35]} d5
{[%clk 0:05:20]} 35. Nc5 {[%clk 0:11:43]} Ra3 {[%clk 0:05:19]} 36. R4d2
{[%clk 0:11:00]} Re8 {[%clk 0:05:17]} 37. Qd4 {[%clk 0:10:47]} Qh3
{[%clk 0:04:58]} 38. Nd3 {[%clk 0:06:04]} Rb3 {[%clk 0:04:21]} 39. Nf4
{[%clk 0:05:57]} Qf5 {[%clk 0:04:37]} 40. Nxd5 {[%clk 0:01:55]} Nxd5
{[%clk 0:04:51]} 41. Qxd5 {[%clk 0:02:20]} Qxd5 {[%clk 0:04:57]} 42. Rxd5
{[%clk 0:02:45]} Rxb4 {[%clk 0:05:24]} 1/2-1/2

[Event "Praha"]
[Site "?"]
[Date "2023.01.11"]
[Round "7.3"]
[White "Schneider, Jana"]
[Black "Carlsson, Ludvig"]
[Result "1/2-1/2"]
[BlackElo "2349"]
[WhiteElo "2263"]
[LiveChessVersion "1.4.8"]

1. e4 {[%clk 1:30:56]} c5 {[%clk 1:30:49]} 2. Nf3 {[%clk 1:31:10]} e6
{[%clk 1:31:08]} 3. d4 {[%clk 1:31:26]} cxd4 {[%clk 1:31:28]} 4. Nxd4
{[%clk 1:31:50]} Nf6 {[%clk 1:31:48]} 5. Nc3 {[%clk 1:30:36]} Nc6
{[%clk 1:32:07]} 6. Ndb5 {[%clk 1:26:55]} d6 {[%clk 1:32:25]} 7. Bf4
{[%clk 1:27:10]} e5 {[%clk 1:32:47]} 8. Bg5 {[%clk 1:27:33]} a6 {[%clk 1:33:09]}
9. Na3 {[%clk 1:27:47]} b5 {[%clk 1:33:33]} 10. Nd5 {[%clk 1:28:10]} Be7
{[%clk 1:33:55]} 11. Bxf6 {[%clk 1:28:30]} Bxf6 {[%clk 1:34:19]} 12. c4
{[%clk 1:28:06]} b4 {[%clk 1:34:39]} 13. Nc2 {[%clk 1:28:25]} O-O
{[%clk 1:34:48]} 14. Qf3 {[%clk 1:25:17]} Be7 {[%clk 1:25:51]} 15. Bd3
{[%clk 1:19:49]} Be6 {[%clk 1:22:37]} 16. g4 {[%clk 1:17:54]} a5 {[%clk 1:20:42]}
17. Rg1 {[%clk 1:13:04]} Bg5 {[%clk 1:14:14]} 18. Rd1 {[%clk 1:07:56]} a4
{[%clk 1:12:07]} 19. Nce3 {[%clk 1:04:03]} Nd4 {[%clk 1:03:27]} 20. Qg2
{[%clk 1:02:02]} g6 {[%clk 0:57:43]} 21. Kf1 {[%clk 0:56:27]} Bxd5
{[%clk 0:53:10]} 22. exd5 {[%clk 0:48:38]} a3 {[%clk 0:42:14]} 23. b3
{[%clk 0:47:23]} Qf6 {[%clk 0:42:20]} 24. Nf5 {[%clk 0:45:20]} Kh8
{[%clk 0:37:36]} 25. Nxd4 {[%clk 0:36:06]} exd4 {[%clk 0:37:58]} 26. Re1
{[%clk 0:35:05]} Rfe8 {[%clk 0:37:57]} 27. Re4 {[%clk 0:31:26]} h6
{[%clk 0:37:42]} 28. Ke2 {[%clk 0:29:37]} Rxe4+ {[%clk 0:35:15]} 29. Qxe4
{[%clk 0:29:29]} Ra7 {[%clk 0:35:40]} 30. Qf3 {[%clk 0:26:39]} Re7+
{[%clk 0:35:44]} 31. Be4 {[%clk 0:27:02]} d3+ {[%clk 0:35:03]} 32. Kf1
{[%clk 0:25:20]} Qa1+ {[%clk 0:30:01]} 33. Kg2 {[%clk 0:25:39]} Qxa2
{[%clk 0:30:22]} 34. c5 {[%clk 0:12:34]} Qxb3 {[%clk 0:27:40]} 35. cxd6
{[%clk 0:12:02]} Ra7 {[%clk 0:26:01]} 36. h4 {[%clk 0:11:37]} Bxh4
{[%clk 0:25:44]} 37. Qe3 {[%clk 0:11:53]} Qc4 {[%clk 0:23:12]} 38. Bf3
{[%clk 0:08:15]} Rd7 {[%clk 0:19:03]} 39. Qxh6+ {[%clk 0:07:50]} Kg8
{[%clk 0:19:29]} 40. Qxh4 {[%clk 0:08:10]} Qc3 {[%clk 0:18:39]} 41. Rh1
{[%clk 0:02:25]} d2 {[%clk 0:15:32]} 42. Qh7+ {[%clk 0:01:49]} Kf8
{[%clk 0:16:01]} 43. Qh6+ {[%clk 0:02:11]} Kg8 {[%clk 0:16:19]} 44. Qh7+
{[%clk 0:19:14]} Kf8 {[%clk 0:46:41]} 45. Qh6+ {[%clk 0:14:02]} Kg8
{[%clk 0:47:01]} 46. Qh7+ 1/2-1/2

[Event "Praha"]
[Site "?"]
[Date "2023.01.11"]
[Round "7.4"]
[White "Elmi, Saad Abobaker"]
[Black "Hak, David"]
[Result "0-1"]
[BlackElo "2095"]
[WhiteElo "2326"]
[LiveChessVersion "1.4.8"]

1. e4 {[%clk 1:30:55]} c5 {[%clk 1:30:56]} 2. Nf3 {[%clk 1:31:15]} d6
{[%clk 1:31:21]} 3. d4 {[%clk 1:31:22]} cxd4 {[%clk 1:31:47]} 4. Nxd4
{[%clk 1:31:40]} a6 {[%clk 1:32:10]} 5. Bd3 {[%clk 1:30:15]} Nf6 {[%clk 1:30:00]}
6. O-O {[%clk 1:29:26]} e6 {[%clk 1:26:11]} 7. c4 {[%clk 1:28:24]} Nc6
{[%clk 1:25:50]} 8. Nf3 {[%clk 1:25:39]} Be7 {[%clk 1:18:25]} 9. Nc3
{[%clk 1:25:33]} O-O {[%clk 1:18:32]} 10. Qe2 {[%clk 1:25:15]} Nd7
{[%clk 1:15:43]} 11. Bf4 {[%clk 1:24:33]} Nde5 {[%clk 1:12:02]} 12. Rfd1
{[%clk 1:22:42]} Nxf3+ {[%clk 1:02:24]} 13. Qxf3 {[%clk 1:22:57]} Nd4
{[%clk 1:01:58]} 14. Qe3 {[%clk 1:12:24]} e5 {[%clk 1:00:15]} 15. Nd5
{[%clk 1:06:01]} Be6 {[%clk 0:55:50]} 16. Nxe7+ {[%clk 1:02:41]} Qxe7
{[%clk 0:56:11]} 17. Bg3 {[%clk 1:00:53]} Rfc8 {[%clk 0:46:18]} 18. Rac1
{[%clk 1:00:22]} Rc6 {[%clk 0:34:19]} 19. f3 {[%clk 0:59:31]} Qc7
{[%clk 0:32:04]} 20. b3 {[%clk 0:58:27]} b5 {[%clk 0:31:38]} 21. cxb5
{[%clk 0:58:26]} axb5 {[%clk 0:31:42]} 22. Qd2 {[%clk 0:57:53]} Rxa2
{[%clk 0:24:49]} 23. Rxc6 {[%clk 0:56:26]} Rxd2 {[%clk 0:24:45]} 24. Rxc7
{[%clk 0:56:44]} Rxd1+ {[%clk 0:25:02]} 25. Bf1 {[%clk 0:56:56]} h5
{[%clk 0:11:08]} 26. Kf2 {[%clk 0:56:35]} Rd2+ {[%clk 0:10:10]} 27. Ke1
{[%clk 0:55:56]} Rb2 {[%clk 0:10:10]} 28. Rb7 {[%clk 0:55:11]} Rxb3
{[%clk 0:08:58]} 29. Rb6 {[%clk 0:55:03]} Bc4 {[%clk 0:06:59]} 30. Bxc4
{[%clk 0:55:11]} bxc4 {[%clk 0:07:26]} 31. Rxd6 {[%clk 0:55:29]} f6
{[%clk 0:04:41]} 32. f4 {[%clk 0:55:20]} c3 {[%clk 0:03:53]} 33. Rd8+
{[%clk 0:53:04]} Kh7 {[%clk 0:04:09]} 34. fxe5 {[%clk 0:53:14]} Rb1+
{[%clk 0:04:06]} 35. Kf2 {[%clk 0:53:21]} c2 {[%clk 0:04:21]} 36. Bf4
{[%clk 0:53:04]} fxe5 {[%clk 0:04:35]} 37. Be3 {[%clk 0:53:06]} c1=Q
{[%clk 0:04:43]} 0-1

[Event "Praha"]
[Site "?"]
[Date "2023.01.11"]
[Round "7.5"]
[White "Ochedzan, Tymon"]
[Black "Sorm, Daniel"]
[Result "0-1"]
[BlackElo "2302"]
[WhiteElo "2236"]
[LiveChessVersion "1.4.8"]

1. e4 {[%clk 1:30:57]} c5 {[%clk 1:29:05]} 2. Nf3 {[%clk 1:31:23]} g6
{[%clk 1:29:22]} 3. d4 {[%clk 1:30:59]} cxd4 {[%clk 1:29:43]} 4. Nxd4
{[%clk 1:31:04]} Bg7 {[%clk 1:29:34]} 5. c4 {[%clk 1:30:55]} Nc6 {[%clk 1:29:39]}
6. Be3 {[%clk 1:31:15]} Qb6 {[%clk 1:29:17]} 7. Nb3 {[%clk 1:24:33]} Qd8
{[%clk 1:28:57]} 8. Nc3 {[%clk 1:24:30]} Bxc3+ {[%clk 1:29:20]} 9. bxc3
{[%clk 1:24:56]} Nf6 {[%clk 1:29:43]} 10. f3 {[%clk 1:19:12]} d6 {[%clk 1:26:56]}
11. Bh6 {[%clk 1:14:35]} Nd7 {[%clk 1:26:15]} 12. Be2 {[%clk 1:12:50]} b6
{[%clk 1:24:08]} 13. O-O {[%clk 1:11:00]} Ba6 {[%clk 1:23:38]} 14. Nd4
{[%clk 1:06:59]} Na5 {[%clk 1:16:00]} 15. Qa4 {[%clk 1:00:53]} Qc8
{[%clk 1:07:14]} 16. Nb5 {[%clk 0:59:43]} Bxb5 {[%clk 0:54:02]} 17. cxb5
{[%clk 0:58:43]} Qxc3 {[%clk 0:50:47]} 18. Rac1 {[%clk 0:53:16]} Qb2
{[%clk 0:50:35]} 19. Rf2 {[%clk 0:51:35]} Nc5 {[%clk 0:49:22]} 20. Qd1
{[%clk 0:50:19]} O-O-O {[%clk 0:43:30]} 21. Bd2 {[%clk 0:38:31]} Qxa2
{[%clk 0:40:44]} 22. Bxa5 {[%clk 0:31:39]} Qxa5 {[%clk 0:40:43]} 23. Qd4
{[%clk 0:28:13]} Kb8 {[%clk 0:38:30]} 24. Qb2 {[%clk 0:25:44]} Na4
{[%clk 0:32:30]} 25. Qb3 {[%clk 0:25:28]} Qd2 {[%clk 0:30:14]} 26. Rd1
{[%clk 0:24:19]} Nc5 {[%clk 0:30:31]} 27. Qxf7 {[%clk 0:24:07]} Qg5
{[%clk 0:30:43]} 28. Qa2 {[%clk 0:21:35]} Qe3 {[%clk 0:25:29]} 29. Bc4
{[%clk 0:20:38]} Rc8 {[%clk 0:21:00]} 30. Ra1 {[%clk 0:18:50]} Rc7
{[%clk 0:20:56]} 31. Kh1 {[%clk 0:17:01]} Rhc8 {[%clk 0:19:10]} 32. Re2
{[%clk 0:16:19]} Qf4 {[%clk 0:16:03]} 33. Rc2 {[%clk 0:15:00]} e6
{[%clk 0:14:41]} 34. Rc3 {[%clk 0:14:29]} Qf7 {[%clk 0:09:37]} 35. h3
{[%clk 0:14:38]} Rd8 {[%clk 0:09:04]} 36. Rd1 {[%clk 0:14:15]} Rcd7
{[%clk 0:09:02]} 37. Bb3 {[%clk 0:12:02]} d5 {[%clk 0:07:19]} 38. exd5
{[%clk 0:11:59]} exd5 {[%clk 0:07:33]} 39. Rd4 {[%clk 0:08:19]} Qf5
{[%clk 0:03:40]} 40. Re3 {[%clk 0:06:23]} g5 {[%clk 0:00:49]} 41. Qe2
{[%clk 0:29:13]} Qf6 {[%clk 0:26:58]} 42. Qd1 {[%clk 0:28:54]} Ne6
{[%clk 0:24:38]} 43. Ra4 {[%clk 0:24:57]} Nc5 {[%clk 0:24:19]} 44. Rd4
{[%clk 0:25:02]} Ne6 {[%clk 0:24:46]} 45. Ra4 {[%clk 0:25:29]} Nf4
{[%clk 0:21:34]} 46. Qd4 {[%clk 0:24:41]} Qf5 {[%clk 0:19:36]} 47. Ba2
{[%clk 0:19:54]} Qc2 {[%clk 0:13:58]} 48. Qe5+ {[%clk 0:18:15]} Rd6
{[%clk 0:09:53]} 49. Rxf4 {[%clk 0:17:34]} gxf4 {[%clk 0:10:14]} 50. Qxf4
{[%clk 0:13:20]} Qc1+ {[%clk 0:07:29]} 51. Kh2 {[%clk 0:13:46]} d4
{[%clk 0:07:47]} 52. Re4 {[%clk 0:12:58]} Qxf4+ {[%clk 0:08:04]} 53. Rxf4
{[%clk 0:13:24]} d3 {[%clk 0:08:28]} 54. Bb3 {[%clk 0:13:31]} d2 {[%clk 0:08:51]}
55. Rh4 {[%clk 0:13:23]} R8d7 {[%clk 0:08:48]} 56. Bd1 {[%clk 0:13:25]} Re6
{[%clk 0:08:41]} 57. f4 {[%clk 0:12:59]} Re1 {[%clk 0:08:57]} 58. Bg4
{[%clk 0:13:23]} Rg7 {[%clk 0:08:08]} 59. Bf3 {[%clk 0:13:31]} d1=Q
{[%clk 0:07:05]} 60. Bxd1 {[%clk 0:13:58]} Rxd1 {[%clk 0:07:30]} 0-1

[Event "Praha"]
[Site "?"]
[Date "2023.01.11"]
[Round "7.6"]
[White "Stevik, Patrik"]
[Black "Mitusov, Semen"]
[Result "0-1"]
[BlackElo "2397"]
[WhiteElo "2222"]
[LiveChessVersion "1.4.8"]

1. d4 {[%clk 1:30:59]} d5 {[%clk 1:29:07]} 2. c4 {[%clk 1:31:22]} e6
{[%clk 1:29:24]} 3. Nf3 {[%clk 1:31:11]} Nf6 {[%clk 1:29:39]} 4. Nc3
{[%clk 1:31:15]} Nbd7 {[%clk 1:25:19]} 5. Bg5 {[%clk 1:30:16]} Be7
{[%clk 1:24:30]} 6. e3 {[%clk 1:29:54]} h6 {[%clk 1:24:23]} 7. Bf4
{[%clk 1:28:39]} c6 {[%clk 1:20:11]} 8. Bd3 {[%clk 1:27:22]} Nh5 {[%clk 1:17:40]}
9. Be5 {[%clk 1:26:45]} Nxe5 {[%clk 1:15:13]} 10. dxe5 {[%clk 1:25:24]} g5
{[%clk 1:06:31]} 11. Rc1 {[%clk 1:09:37]} Ng7 {[%clk 1:01:37]} 12. Nd4
{[%clk 0:59:05]} a6 {[%clk 0:56:09]} 13. h4 {[%clk 0:41:54]} c5 {[%clk 0:49:07]}
14. Nf3 {[%clk 0:39:30]} dxc4 {[%clk 0:44:17]} 15. Be4 {[%clk 0:39:04]} Qxd1+
{[%clk 0:43:00]} 16. Rxd1 {[%clk 0:36:23]} g4 {[%clk 0:39:47]} 17. Nd2
{[%clk 0:36:21]} f5 {[%clk 0:37:22]} 18. exf6 {[%clk 0:36:09]} Bxf6
{[%clk 0:37:48]} 19. Nxc4 {[%clk 0:35:14]} Rb8 {[%clk 0:34:39]} 20. Nb6
{[%clk 0:30:52]} Bxc3+ {[%clk 0:26:30]} 21. bxc3 {[%clk 0:31:15]} Ke7 22. Ke2
{[%clk 0:20:39]} Rd8 {[%clk 0:21:04]} 23. Rxd8 {[%clk 0:13:31]} Kxd8
{[%clk 0:21:29]} 24. Rd1+ {[%clk 0:12:51]} Kc7 25. Nc4 {[%clk 0:13:14]} Bd7
{[%clk 0:21:14]} 26. Ne5 {[%clk 0:12:47]} Ba4 {[%clk 0:20:49]} 27. Rd2
{[%clk 0:11:52]} h5 {[%clk 0:20:42]} 28. c4 {[%clk 0:11:02]} Rg8 {[%clk 0:15:15]}
29. Nd3 {[%clk 0:08:50]} b6 {[%clk 0:15:38]} 30. Nf4 {[%clk 0:09:15]} Be8
{[%clk 0:15:27]} 31. g3 {[%clk 0:08:05]} Bf7 {[%clk 0:14:00]} 32. Nd3
{[%clk 0:06:58]} Be8 {[%clk 0:13:13]} 33. Nf4 {[%clk 0:04:42]} Bf7
{[%clk 0:13:38]} 34. Nd3 {[%clk 0:04:06]} Nf5 {[%clk 0:13:50]} 35. Nf4
{[%clk 0:03:48]} Nd6 {[%clk 0:14:00]} 36. Bh7 {[%clk 0:01:37]} Rg7
{[%clk 0:13:15]} 37. Bd3 {[%clk 0:00:32]} e5 {[%clk 0:13:37]} 38. Nd5+
{[%clk 0:00:33]} Bxd5 {[%clk 0:13:52]} 39. cxd5 {[%clk 0:01:03]} c4
{[%clk 0:08:21]} 40. Bc2 {[%clk 0:00:34]} e4 {[%clk 0:05:48]} 41. Rd4
{[%clk 0:23:40]} Re7 {[%clk 0:36:12]} 42. Kd2 {[%clk 0:23:25]} b5
{[%clk 0:36:07]} 43. Kc3 {[%clk 0:22:40]} Kb6 {[%clk 0:36:04]} 44. a3
{[%clk 0:20:19]} Kc5 {[%clk 0:36:11]} 45. Kb2 {[%clk 0:19:53]} a5
{[%clk 0:36:27]} 46. Kc3 {[%clk 0:18:30]} b4+ {[%clk 0:33:54]} 47. Kb2
{[%clk 0:18:35]} b3 {[%clk 0:33:37]} 48. Bb1 {[%clk 0:18:23]} a4 {[%clk 0:33:44]}
49. Rd1 {[%clk 0:17:53]} Rf7 {[%clk 0:33:47]} 50. Rd2 {[%clk 0:18:01]} Rf5
{[%clk 0:34:11]} 51. Rd4 {[%clk 0:16:16]} Rxf2+ {[%clk 0:34:24]} 52. Ka1
{[%clk 0:16:45]} b2+ {[%clk 0:34:19]} 53. Ka2 {[%clk 0:17:13]} Nb5
{[%clk 0:34:43]} 0-1

[Event "Praha"]
[Site "?"]
[Date "2023.01.11"]
[Round "7.7"]
[White "Unneland, Mathias"]
[Black "Kulhanek, Tomas"]
[Result "1/2-1/2"]
[BlackElo "2320"]
[WhiteElo "2217"]
[LiveChessVersion "1.4.8"]

1. d4 {[%clk 1:30:42]} Nf6 {[%clk 1:30:49]} 2. c4 {[%clk 1:30:53]} e6
{[%clk 1:31:13]} 3. Nf3 {[%clk 1:30:42]} Bb4+ {[%clk 1:31:20]} 4. Nbd2
{[%clk 1:29:30]} d5 {[%clk 1:31:32]} 5. Qa4+ {[%clk 1:26:30]} Nc6
{[%clk 1:30:38]} 6. a3 {[%clk 1:25:45]} Bxd2+ {[%clk 1:29:41]} 7. Bxd2
{[%clk 1:25:55]} Ne4 {[%clk 1:30:03]} 8. e3 {[%clk 1:25:10]} O-O {[%clk 1:27:32]}
9. Qc2 {[%clk 1:24:03]} a6 {[%clk 1:21:00]} 10. Bd3 {[%clk 1:21:58]} f5
{[%clk 1:19:54]} 11. O-O {[%clk 1:08:35]} Bd7 {[%clk 1:18:33]} 12. b4
{[%clk 1:05:12]} Be8 {[%clk 1:16:43]} 13. b5 {[%clk 1:00:42]} axb5
{[%clk 1:08:30]} 14. cxb5 {[%clk 1:00:41]} Nxd2 {[%clk 1:08:45]} 15. Qxd2
{[%clk 0:58:38]} Ne7 {[%clk 1:05:36]} 16. Ne5 {[%clk 0:58:30]} Ng6
{[%clk 1:03:01]} 17. Nxg6 {[%clk 0:49:03]} hxg6 {[%clk 1:01:06]} 18. a4
{[%clk 0:45:33]} c6 {[%clk 0:56:56]} 19. a5 {[%clk 0:40:31]} cxb5
{[%clk 0:56:52]} 20. Rfb1 {[%clk 0:40:19]} Rf7 {[%clk 0:54:37]} 21. Bxb5
{[%clk 0:38:59]} Bxb5 {[%clk 0:52:51]} 1/2-1/2

[Event "Praha"]
[Site "?"]
[Date "2023.01.11"]
[Round "7.8"]
[White "Goroshkov, Maksym"]
[Black "Nielsen, Andre"]
[Result "1-0"]
[BlackElo "2212"]
[WhiteElo "2261"]
[LiveChessVersion "1.4.8"]

1. Nf3 {[%clk 1:29:55]} f5 {[%clk 1:30:21]} 2. g3 {[%clk 1:28:51]} Nf6
{[%clk 1:30:34]} 3. c4 {[%clk 1:29:00]} g6 {[%clk 1:30:31]} 4. Bg2
{[%clk 1:29:06]} Bg7 {[%clk 1:30:49]} 5. Nc3 {[%clk 1:29:22]} O-O
{[%clk 1:29:35]} 6. O-O {[%clk 1:29:24]} d6 {[%clk 1:29:48]} 7. d4
{[%clk 1:29:47]} Nc6 {[%clk 1:28:19]} 8. Qc2 {[%clk 1:02:23]} e5 {[%clk 1:08:31]}
9. dxe5 {[%clk 1:02:01]} dxe5 {[%clk 1:07:53]} 10. Rd1 {[%clk 1:02:20]} Qe7
{[%clk 1:02:04]} 11. Nd5 {[%clk 1:01:44]} Nxd5 {[%clk 1:01:49]} 12. cxd5
{[%clk 1:02:05]} Nb8 {[%clk 0:53:07]} 13. Be3 {[%clk 0:56:41]} Na6
{[%clk 0:50:53]} 14. Rac1 {[%clk 0:56:24]} Bd7 {[%clk 0:41:16]} 15. Qb3
{[%clk 0:55:52]} Qd6 {[%clk 0:40:39]} 16. Nd2 {[%clk 0:49:14]} Kh8
{[%clk 0:29:12]} 17. Nc4 {[%clk 0:47:57]} Qf6 {[%clk 0:27:17]} 18. d6
{[%clk 0:45:19]} f4 {[%clk 0:13:49]} 19. gxf4 {[%clk 0:45:38]} exf4
{[%clk 0:14:11]} 20. Bd4 {[%clk 0:46:02]} Qg5 {[%clk 0:14:19]} 21. Qc3
{[%clk 0:40:24]} Bxd4 {[%clk 0:12:21]} 22. Qxd4+ {[%clk 0:40:48]} Rf6
{[%clk 0:10:44]} 23. Ne5 {[%clk 0:40:46]} Be6 {[%clk 0:07:15]} 24. Nf3
{[%clk 0:37:37]} Qf5 {[%clk 0:06:52]} 25. Bh3 {[%clk 0:37:53]} c5
{[%clk 0:06:39]} 26. Rxc5 {[%clk 0:37:38]} Qxh3 {[%clk 0:06:38]} 27. Qxf6+
{[%clk 0:38:01]} Kg8 {[%clk 0:07:02]} 28. Re5 {[%clk 0:37:48]} Qg4+
{[%clk 0:06:31]} 29. Kh1 {[%clk 0:38:11]} 1-0

[Event "Praha"]
[Site "?"]
[Date "2023.01.11"]
[Round "7.9"]
[White "Oye-Stromberg, Alexander"]
[Black "Mach, Petr"]
[Result "1/2-1/2"]
[BlackElo "2205"]
[WhiteElo "2254"]
[LiveChessVersion "1.4.8"]

1. e4 {[%clk 1:30:43]} e6 {[%clk 1:30:55]} 2. d4 {[%clk 1:30:46]} d5
{[%clk 1:31:17]} 3. Nc3 {[%clk 1:30:54]} Nf6 {[%clk 1:30:21]} 4. e5
{[%clk 1:29:38]} Nfd7 {[%clk 1:30:46]} 5. f4 {[%clk 1:30:01]} c5 {[%clk 1:31:12]}
6. Nf3 {[%clk 1:30:25]} Nc6 {[%clk 1:31:40]} 7. Be3 {[%clk 1:30:40]} Be7
{[%clk 1:32:06]} 8. Qd2 {[%clk 1:30:05]} O-O {[%clk 1:31:30]} 9. dxc5
{[%clk 1:25:18]} Qa5 {[%clk 1:30:56]} 10. O-O-O {[%clk 1:21:25]} b6
{[%clk 1:31:23]} 11. Bb5 {[%clk 1:18:48]} Nb4 {[%clk 1:31:38]} 12. a3
{[%clk 1:18:34]} bxc5 {[%clk 1:32:03]} 13. Kb1 {[%clk 1:15:07]} Nb6
{[%clk 1:26:17]} 14. h4 {[%clk 0:48:11]} Rb8 {[%clk 1:12:08]} 15. Bd3
{[%clk 0:32:57]} Nc6 {[%clk 0:43:34]} 16. Bxh7+ {[%clk 0:11:28]} Kxh7
{[%clk 0:24:55]} 17. Ng5+ {[%clk 0:11:43]} Kg8 {[%clk 0:25:00]} 18. Qe2
{[%clk 0:11:29]} g6 {[%clk 0:15:19]} 19. h5 {[%clk 0:11:42]} Bxg5
{[%clk 0:15:25]} 20. hxg6 {[%clk 0:11:05]} fxg6 {[%clk 0:14:54]} 21. Qg4
{[%clk 0:10:59]} Nc4 {[%clk 0:06:58]} 22. Qxg5 {[%clk 0:11:02]} Rxb2+
{[%clk 0:06:13]} 23. Kc1 {[%clk 0:11:21]} Rxc2+ {[%clk 0:06:24]} 24. Kxc2
{[%clk 0:11:34]} Nxe3+ {[%clk 0:06:47]} 25. Kd2 {[%clk 0:09:37]} Nc4+
{[%clk 0:05:17]} 26. Ke2 {[%clk 0:09:53]} Qc7 {[%clk 0:05:21]} 27. Rh6
{[%clk 0:09:12]} N4xe5 {[%clk 0:05:32]} 28. Rdh1 {[%clk 0:09:14]} Ba6+
{[%clk 0:05:48]} 29. Kd1 {[%clk 0:08:08]} Qg7 {[%clk 0:05:04]} 30. Rh8+
{[%clk 0:06:08]} Qxh8 {[%clk 0:05:24]} 31. Rxh8+ {[%clk 0:06:33]} Kxh8
{[%clk 0:05:50]} 32. fxe5 {[%clk 0:06:24]} Rf1+ {[%clk 0:05:15]} 33. Kd2
{[%clk 0:05:56]} Kg7 {[%clk 0:05:32]} 34. Qg4 {[%clk 0:02:18]} Rf2+
{[%clk 0:05:28]} 35. Kc1 {[%clk 0:02:14]} Nd4 {[%clk 0:04:16]} 36. Qh4
{[%clk 0:02:12]} Rc2+ {[%clk 0:02:29]} 1/2-1/2